|
|
|
|
| LEADER |
00000nab a2200000 a 4500 |
| 001 |
vtls000203924 |
| 003 |
SK-MaSNL |
| 005 |
20260304060439.0 |
| 008 |
250422c1984 xo 0 slo |
| 015 |
|
|
|a SNBRB19rr/mm-uuuuu
|
| 035 |
|
|
|a CL0214037
|
| 035 |
|
|
|a urn:nbn:sk:snk-ab1s54
|
| 035 |
|
|
|a (urnnbn)urn:nbn:sk:snk:ar-a00aum
|
| 035 |
|
|
|a (uuid)0b155f98-2d2e-44f7-b38f-974aa8cb6d64
|
| 040 |
|
|
|a SNKBUCL
|b slo
|c SNKBUCL
|e AACR2
|
| 041 |
0 |
|
|a slo
|
| 044 |
|
|
|a xo
|c SK
|
| 080 |
|
|
|a 372.851:37.014.3
|2 1981
|
| 080 |
|
|
|a 37.014.3
|2 1981
|
| 080 |
|
|
|a 373.3
|2 1981
|
| 100 |
1 |
|
|a Bobok, Ján,
|d 1939-1984
|4 aut
|9 38419
|
| 245 |
1 |
0 |
|a Prestavba obsahu matematiky na 2. stupni základnej školy
|c Ján Bobok
|
| 300 |
|
|
|b Obr. 1.
|
| 650 |
0 |
7 |
|a matematika
|2 snkbucl
|9 70174
|
| 650 |
0 |
7 |
|a školy základné
|2 snkbucl
|9 390867
|
| 655 |
|
7 |
|a články z novín a časopisov
|2 snkbucl
|9 267496
|
| 773 |
0 |
|
|t Rodina a škola
|g Roč. 31, č. 8 (1984), s. 10-11
|
| 850 |
|
|
|a Slovenská národná knižnica
|
| 852 |
|
|
|a Slovenská národná knižnica
|
| 954 |
|
|
|a odborná, vedecká literatúra pôvodná (slovenská)
|2 lita
|
| 958 |
|
|
|a article27
|
| 958 |
|
|
|a RK
|
| 958 |
|
|
|a OND
|
| 958 |
|
|
|a EUIPO
|
| 992 |
|
|
|a RBX
|
| 999 |
|
|
|c 2728621
|d 2730551
|